Every WWE PLE World Championship Match Competitor Part 3 (2015-pres.) - Statistics

General Stats
  • This quiz has been taken 76 times
  • The average score is 338 of 372
Answer Stats
Year Event Title Stipulation Champion or Challenger Answer % Correct
2015 Challenger John Cena
100%
2015 US Champion John Cena
100%
2016 Challenger John Cena
100%
2017 Challenger John Cena
100%
2017 Elimination Chamber WWE Championship Elimination Chamber Champion John Cena
100%
2018 Challenger John Cena
100%
2021 Challenger John Cena
100%
2025 Challenger John Cena
100%
2015 Challenger Roman Reigns
100%
2015 Challenger Roman Reigns
100%
2015 Challenger Roman Reigns
100%
2015 WWE World Heavyweight Championship Singles Champion Roman Reigns
100%
2015 Challenger Roman Reigns
100%
2016 Challenger Roman Reigns
100%
2016 Payback WWE World Heavyweight Championship No Disqualification Champion Roman Reigns
100%
2016 Extreme Rules WWE World Heavyweight Championship Extreme Rules Champion Roman Reigns
100%
2016 Money in the Bank WWE World Heavyweight Championship Singles Champion Roman Reigns
100%
2016 Challenger Roman Reigns
100%
2016 Challenger Roman Reigns
100%
2017 Challenger Roman Reigns
100%
2017 Challenger Roman Reigns
100%
2018 Challenger Roman Reigns
100%
2018 Challenger Roman Reigns
100%
2018 Challenger Roman Reigns
100%
2018 Hell in a Cell WWE Universal Championship Special Guest Referee Hell in a Cell Champion Roman Reigns
100%
2020 Challenger Roman Reigns
100%
2020 WWE Universal Championship Singles Champion Roman Reigns
100%
2020 Hell in a Cell WWE Universal Championship Hell in a Cell I Quit Champion Roman Reigns
100%
2020 WWE Universal Championship Tables, Ladders, and Chairs Champion Roman Reigns
100%
2021 WWE Universal Championship Last Man Standing Champion Roman Reigns
100%
2021 Elimination Chamber WWE Universal Championship Singles Champion Roman Reigns
100%
2021 Fastlane WWE Universal Championship Special Guest Enforcer Champion Roman Reigns
100%
2021 WrestleMania 37 Night 2 WWE Universal Championship Triple Threat Champion Roman Reigns
100%
2021 WWE Universal Championship Singles Champion Roman Reigns
100%
2021 WWE Universal Championship Singles Champion Roman Reigns
100%
2021 WWE Universal Championship Singles Champion Roman Reigns
100%
2021 Extreme Rules WWE Universal Championship Extreme Rules Champion Roman Reigns
100%
2021 WWE Universal Championship Singles Champion Roman Reigns
100%
2022 Royal Rumble WWE Universal Championship Singles Champion Roman Reigns
100%
2022 Elimination Chamber WWE Universal Championship Singles Champion Roman Reigns
100%
2022 WrestleMania 38 Night 2 WWE Championship & WWE Universal Championship Winner Takes All WWE Universal Champion Roman Reigns
100%
2022 SummerSlam Undisputed WWE Universal Championship Last Man Standing Champion Roman Reigns
100%
2022 Clash at the Castle Undisputed WWE Universal Championship Singles Champion Roman Reigns
100%
2022 Crown Jewel Undisputed WWE Universal Championship Singles Champion Roman Reigns
100%
2023 Royal Rumble Undisputed WWE Universal Championship Singles Champion Roman Reigns
100%
2023 Elimination Chamber Undisputed WWE Universal Championship Singles Champion Roman Reigns
100%
2023 WrestleMania 39 Night 2 Undisputed WWE Universal Championship Singles Champion Roman Reigns
100%
2023 Undisputed WWE Universal Championship Tribal Combat Champion Roman Reigns
100%
2023 Undisputed WWE Universal Championship Singles Champion Roman Reigns
100%
2024 Royal Rumble Undisputed WWE Universal Championship Fatal 4-Way Champion Roman Reigns
100%
2024 Undisputed WWE Universal Championship Bloodline Rules Champion Roman Reigns
100%
2015 Challenger Seth Rollins
100%
2015 Challenger Seth Rollins
100%
2015 Extreme Rules WWE World Heavyweight Championship Steel Cage Champion Seth Rollins
100%
2015 Payback WWE World Heavyweight Championship Fatal 4-Way Champion Seth Rollins
100%
2015 Elimination Chamber WWE World Heavyweight Championship Singles Champion Seth Rollins
100%
2015 Money in the Bank WWE World Heavyweight Championship Ladder Champion Seth Rollins
100%
2015 Battleground WWE World Heavyweight Championship Singles Champion Seth Rollins
100%
2015 SummerSlam WWE World Heavyweight Championship Winner Takes All WWE World Heavyweight Champion Seth Rollins
100%
2015 Night of Champions WWE World Heavyweight Championship Singles Champion Seth Rollins
100%
2015 Hell in a Cell WWE World Heavyweight Championship Singles Champion Seth Rollins
100%
2016 Challenger Seth Rollins
100%
2016 WWE World Heavyweight Championship Singles Champion Seth Rollins
100%
2016 Challenger Seth Rollins
100%
2016 Challenger Seth Rollins
100%
2016 Challenger Seth Rollins
100%
2016 Challenger Seth Rollins
100%
2019 Challenger Seth Rollins
100%
2019 Money in the Bank WWE Universal Championship Singles Champion Seth Rollins
100%
2019 Super ShowDown WWE Universal Championship Singles Champion Seth Rollins
100%
2019 WWE Universal Championship Special Guest Referee No Disqualification Champion Seth Rollins
100%
2019 WWE Universal Championship & WWE Raw Women's Championship Last Chance Winners Take All Extreme Rules Mixed Tag WWE Universal Champion Seth Rollins
100%
2019 WWE Universal Championship Singles Champion Seth Rollins
100%
2019 Challenger Seth Rollins
100%
2019 WWE Universal Championship Singles Champion Seth Rollins
100%
2019 Hell in a Cell WWE Universal Championship Hell in a Cell Champion Seth Rollins
100%
2019 WWE Universal Championship Falls Count Anywhere Champion Seth Rollins
100%
2020 Challenger Seth Rollins
100%
2015 Royal Rumble WWE World Heavyweight Championship Triple Threat Champion Brock Lesnar
96%
2015 WrestleMania 31 WWE World Heavyweight Championship Triple Threat Champion Brock Lesnar
96%
2015 Challenger Brock Lesnar
96%
2017 Challenger Brock Lesnar
96%
2017 Great Balls of Fire WWE Universal Championship Singles Champion Brock Lesnar
96%
2017 WWE Universal Championship Fatal 4-Way Champion Brock Lesnar
96%
2017 No Mercy WWE Universal Championship Singles Champion Brock Lesnar
96%
2018 WWE Universal Championship Triple Threat Champion Brock Lesnar
96%
2018 WWE Universal Championship Singles Champion Brock Lesnar
96%
2018 WWE Universal Championship Steel Cage Champion Brock Lesnar
96%
2018 WWE Universal Championship Singles Champion Brock Lesnar
96%
2018 Challenger Brock Lesnar
96%
2019 WWE Universal Championship Singles Champion Brock Lesnar
96%
2019 WrestleMania 35 WWE Universal Championship Singles Champion Brock Lesnar
96%
2019 Challenger Brock Lesnar
96%
2019 WWE Universal Championship Singles Champion Brock Lesnar
96%
2019 Crown Jewel WWE Championship Singles Champion Brock Lesnar
96%
2019 WWE Championship No Holds Barred Champion Brock Lesnar
96%
2020 Super ShowDown WWE Championship Singles Champion Brock Lesnar
96%
2020 WrestleMania 36 Night 2 WWE Championship Singles Champion Brock Lesnar
96%
2021 Challenger Brock Lesnar
96%
2022 Challenger Brock Lesnar
96%
2022 WWE Championship Singles Champion Brock Lesnar
96%
2022 Challenger Brock Lesnar
96%
2022 WWE Champion Brock Lesnar
96%
2022 Challenger Brock Lesnar
96%
2016 Clash of Champions WWE Universal Championship Singles Champion Kevin Owens
96%
2016 Hell in a Cell WWE Universal Championship Hell in a Cell Champion Kevin Owens
96%
2016 Roadblock: End of the Line WWE Universal Championship Singles Champion Kevin Owens
96%
2017 Royal Rumble WWE Universal Championship No Disqualification Shark Cage Champion Kevin Owens
96%
2017 Fastlane WWE Universal Championship Singles Champion Kevin Owens
96%
2018 Challenger Kevin Owens
96%
2018 Challenger Kevin Owens
96%
2019 Challenger Kevin Owens
96%
2019 Challenger Kevin Owens
96%
2020 Challenger Kevin Owens
96%
2021 Challenger Kevin Owens
96%
2022 Challenger Kevin Owens
96%
2023 Challenger Kevin Owens
96%
2024 Challenger Kevin Owens
96%
2024 Challenger Kevin Owens
96%
2025 Challenger Kevin Owens
96%
2015 Challenger Randy Orton
96%
2015 Challenger Randy Orton
96%
2017 Challenger Randy Orton
96%
2017 Backlash WWE Championship Singles Champion Randy Orton
96%
2017 Challenger Randy Orton
96%
2017 Challenger Randy Orton
96%
2019 Challenger Randy Orton
96%
2019 Challenger Randy Orton
96%
2019 Challenger Randy Orton
96%
2020 Challenger Randy Orton
96%
2020 Challenger Randy Orton
96%
2020 Challenger Randy Orton
96%
2021 Challenger Randy Orton
96%
2024 Challenger Randy Orton
96%
2024 Challenger Randy Orton
96%
2022 Challenger Seth "Freakin" Rollins
96%
2022 Challenger Seth "Freakin" Rollins
96%
2022 Challenger Seth "Freakin" Rollins
96%
2023 Challenger Seth "Freakin" Rollins
96%
2023 Money in the Bank World Heavyweight Championship Singles Champion Seth "Freakin" Rollins
96%
2023 SummerSlam World Heavyweight Championship Singles Champion Seth "Freakin" Rollins
96%
2023 Payback World Heavyweight Championship Singles Champion Seth "Freakin" Rollins
96%
2023 Fastlane World Heavyweight Championship Last Man Standing Champion Seth "Freakin" Rollins
96%
2023 Crown Jewel World Heavyweight Championship Singles Champion Seth "Freakin" Rollins
96%
2024 WrestleMania XL Night 2 World Heavyweight Championship Singles Champion Seth "Freakin" Rollins
96%
2024 Challenger Seth "Freakin" Rollins
96%
2016 Challenger AJ Styles
94%
2016 Challenger AJ Styles
94%
2016 Challenger AJ Styles
94%
2016 No Mercy WWE World Championship Triple Threat Champion AJ Styles
94%
2016 TLC: Tables, Ladders & Chairs WWE World Championship Tables, Ladders, and Chairs Champion AJ Styles
94%
2017 WWE Championship Singles Champion AJ Styles
94%
2017 Challenger AJ Styles
94%
2017 Clash of Champions WWE Championship Singles Champion AJ Styles
94%
2018 Royal Rumble WWE Championship Handicap Champion AJ Styles
94%
2018 Fastlane WWE Championship Six-Pack Challenge Champion AJ Styles
94%
2018 WrestleMania 34 WWE Championship Singles Champion AJ Styles
94%
2018 Greatest Royal Rumble WWE Championship Singles Champion AJ Styles
94%
2018 Backlash WWE Championship No Disqualification Champion AJ Styles
94%
2018 Money in the Bank WWE Championship Last Man Standing Champion AJ Styles
94%
2018 Extreme Rules WWE Championship Singles Champion AJ Styles
94%
2018 SummerSlam WWE Championship Singles Champion AJ Styles
94%
2018 Crown Jewel WWE Championship Singles Champion AJ Styles
94%
2018 Challenger AJ Styles
94%
2019 Challenger AJ Styles
94%
2019 Challenger AJ Styles
94%
2019 Challenger AJ Styles
94%
2020 Challenger AJ Styles
94%
2021 Challenger AJ Styles
94%
2022 Challenger AJ Styles
94%
2023 Night of Champions World Heavyweight Championship (inaugural) Tournament Final Challenger AJ Styles
94%
2024 Challenger AJ Styles
94%
2024 Challenger AJ Styles
94%
2024 Challenger AJ Styles
94%
2020 Challenger Drew McIntyre
93%
2020 WWE Championship Singles Champion Drew McIntyre
93%
2020 WWE Championship Singles Champion Drew McIntyre
93%
2020 The Horror Show at Extreme Rules WWE Championship Extreme Rules Champion Drew McIntyre
93%
2020 SummerSlam WWE Championship Singles Champion Drew McIntyre
93%
2020 Clash of Champions WWE Championship Ambulance Champion Drew McIntyre
93%
2020 WWE Championship Hell in a Cell Champion Drew McIntyre
93%
2020 TLC: Tables, Ladders & Chairs WWE Championship Triple Threat Tables, Ladders, and Chairs Champion Drew McIntyre
93%
2021 WWE Championship Elimination Chamber Champion Drew McIntyre
93%
2021 WWE Championship Singles Champion Drew McIntyre
93%
2021 Challenger Drew McIntyre
93%
2021 Challenger Drew McIntyre
93%
2021 Challenger Drew McIntyre
93%
2021 Challenger Drew McIntyre
93%
2022 Challenger Drew McIntyre
93%
2023 Challenger Drew McIntyre
93%
2024 Challenger Drew McIntyre
93%
2024 World Heavyweight Championship Singles Champion Drew McIntyre
93%
2024 Challenger Drew McIntyre
93%
2024 Challenger Drew McIntyre
93%
2016 WWE Universal Championship (inaugural) Singles Champion Finn Bálor
93%
2019 Challenger Finn Bálor
93%
2023 Challenger Finn Bálor
93%
2023 Challenger Finn Bálor
93%
2024 Challenger Finn Bálor
93%
2020 Challenger Jey Uso
93%
2020 Challenger Jey Uso
93%
2023 Challenger Jey Uso
93%
2024 Challenger Jey Uso
93%
2025 Challenger Jey Uso
93%
2025 Challenger Jey Uso
93%
2018 Challenger Sami Zayn
93%
2018 Challenger Sami Zayn
93%
2023 Challenger Sami Zayn
93%
2017 Challenger Bray Wyatt
91%
2017 WrestleMania 33 WWE Championship Singles Champion Bray Wyatt
91%
2019 TLC: Tables, Ladders & Chairs WWE Universal Championship Singles Champion Bray Wyatt
91%
2020 Challenger Bray Wyatt
91%
2015 Challenger Dean Ambrose
91%
2015 Challenger Dean Ambrose
91%
2015 Challenger Dean Ambrose
91%
2015 Survivor Series WWE World Heavyweight Championship (vacant) Tournament Final Challenger Dean Ambrose
91%
2016 Challenger Dean Ambrose
91%
2016 Challenger Dean Ambrose
91%
2016 Battleground WWE World Heavyweight Championship Triple Threat Champion Dean Ambrose
91%
2016 SummerSlam WWE World Heavyweight Championship Singles Champion Dean Ambrose
91%
2016 Backlash WWE World Championship Singles Champion Dean Ambrose
91%
2016 Challenger Dean Ambrose
91%
2016 Challenger Dean Ambrose
91%
2017 Challenger Dean Ambrose
91%
2024 Challenger Gunther
91%
2024 World Heavyweight Championship Singles Champion Gunther
91%
2024 Survivor Series: WarGames World Heavyweight Championship Singles Champion Gunther
91%
2024 Saturday Night's Main Event XXXVII World Heavyweight Championship Triple Threat Champion Gunther
91%
2025 Saturday Night's Main Event XXXVIII World Heavyweight Championship Singles Champion Gunther
91%
2025 WrestleMania 41 Night 1 World Heavyweight Championship Singles Champion Gunther
91%
2019 Challenger Kofi Kingston
91%
2019 Challenger Kofi Kingston
91%
2019 WWE Championship Singles Champion Kofi Kingston
91%
2019 WWE Championship Singles Champion Kofi Kingston
91%
2019 Stomping Grounds WWE Championship Steel Cage Champion Kofi Kingston
91%
2019 Extreme Rules WWE Championship Singles Champion Kofi Kingston
91%
2019 Smackville WWE Championship Triple Threat Champion Kofi Kingston
91%
2019 SummerSlam WWE Championship Singles Champion Kofi Kingston
91%
2019 Clash of Champions WWE Championship Singles Champion Kofi Kingston
91%
2021 Challenger Kofi Kingston
91%
2021 Challenger Kofi Kingston
91%
2021 Challenger "The Demon" Finn Bálor
91%
2017 Challenger The Miz
91%
2019 Challenger The Miz
91%
2020 Challenger The Miz
91%
2020 Challenger The Miz
91%
2021 Challenger The Miz
91%
2021 Crown Jewel WWE Championship Singles Champion Big E
89%
2022 Day 1 WWE Championship Fatal 5-Way Champion Big E
89%
2017 Challenger Braun Strowman
89%
2017 Challenger Braun Strowman
89%
2018 Challenger Braun Strowman
89%
2018 Challenger Braun Strowman
89%
2018 WWE Universal Championship (vacant) Singles Challenger Braun Strowman
89%
2019 Challenger Braun Strowman
89%
2020 Challenger Braun Strowman
89%
2020 Money in the Bank WWE Universal Championship Singles Champion Braun Strowman
89%
2020 Backlash WWE Universal Championship Handicap Champion Braun Strowman
89%
2020 WWE Universal Championship Falls Count Anywhere Champion Braun Strowman
89%
2020 Challenger Braun Strowman
89%
2021 Challenger Braun Strowman
89%
2017 Challenger Goldberg
89%
2017 WWE Universal Championship Singles Champion Goldberg
89%
2020 Challenger Goldberg
89%
2020 WrestleMania 36 Night 1 WWE Universal Championship Singles Champion Goldberg
89%
2021 Challenger Goldberg
89%
2021 Challenger Goldberg
89%
2022 Challenger Goldberg
89%
2019 Challenger "The Fiend" Bray Wyatt
89%
2019 Challenger "The Fiend" Bray Wyatt
89%
2019 Survivor Series WWE Universal Championship Singles Champion "The Fiend" Bray Wyatt
89%
2020 Royal Rumble WWE Universal Championship Strap Champion "The Fiend" Bray Wyatt
89%
2020 WWE Universal Championship Singles Champion "The Fiend" Bray Wyatt
89%
2020 Challenger "The Fiend" Bray Wyatt
89%
2020 Payback WWE Universal Championship No Holds Barred Triple Threat Champion "The Fiend" Bray Wyatt
89%
2023 Challenger Cody Rhodes
87%
2024 Challenger Cody Rhodes
87%
2024 Undisputed WWE Championship Singles Champion Cody Rhodes
87%
2024 King and Queen of the Ring Undisputed WWE Championship Singles Champion Cody Rhodes
87%
2024 Clash at the Castle: Scotland Undisputed WWE Championship I Quit Champion Cody Rhodes
87%
2024 Undisputed WWE Championship Bloodline Rules Champion Cody Rhodes
87%
2024 Bash in Berlin Undisputed WWE Championship Singles Champion Cody Rhodes
87%
2024 Undisputed WWE Championship Singles Champion Cody Rhodes
87%
2025 Royal Rumble Undisputed WWE Championship Ladder Champion Cody Rhodes
87%
2025 WrestleMania 41 Night 2 Undisputed WWE Championship Singles Champion Cody Rhodes
87%
2018 TLC: Tables, Ladders & Chairs WWE Championship Singles Champion Daniel Bryan
87%
2019 Royal Rumble WWE Championship Singles Champion Daniel Bryan
87%
2019 Elimination Chamber WWE Championship Elimination Chamber Champion Daniel Bryan
87%
2019 Fastlane WWE Championship Triple Threat Champion Daniel Bryan
87%
2019 WWE Championship Singles Champion Daniel Bryan
87%
2019 Challenger Daniel Bryan
87%
2020 Challenger Daniel Bryan
87%
2021 Challenger Daniel Bryan
87%
2021 Challenger Daniel Bryan
87%
2021 Challenger Daniel Bryan
87%
2016 Roadblock WWE World Heavyweight Championship Singles Champion Triple H
87%
2016 WrestleMania 32 WWE World Heavyweight Championship Singles Champion Triple H
87%
2024 Challenger Damian Priest
85%
2024 Backlash France World Heavyweight Championship Singles Champion Damian Priest
85%
2024 World Heavyweight Championship Singles Champion Damian Priest
85%
2024 Money in the Bank World Heavyweight Championship Triple Threat Champion Damian Priest
85%
2024 SummerSlam World Heavyweight Championship Singles Champion Damian Priest
85%
2024 Challenger Damian Priest
85%
2024 Challenger Damian Priest
85%
2015 Challenger Sheamus
85%
2015 TLC: Tables, Ladders & Chairs WWE World Heavyweight Championship Tables, Ladders, and Chairs Champion Sheamus
85%
2021 Challenger Sheamus
85%
2022 Challenger Logan Paul
83%
2024 Challenger Logan Paul
83%
2017 Challenger Shinsuke Nakamura
83%
2017 Challenger Shinsuke Nakamura
83%
2018 Challenger Shinsuke Nakamura
83%
2018 Challenger Shinsuke Nakamura
83%
2018 Challenger Shinsuke Nakamura
83%
2018 Challenger Shinsuke Nakamura
83%
2023 Challenger Shinsuke Nakamura
83%
2023 Challenger Shinsuke Nakamura
83%
2024 Challenger Solo Sikoa
83%
2020 Challenger Bobby Lashley
81%
2021 WrestleMania 37 Night 1 WWE Championship Singles Champion Bobby Lashley
81%
2021 WrestleMania Backlash WWE Championship Triple Threat Champion Bobby Lashley
81%
2021 Hell in a Cell WWE Championship Last Chance Hell in a Cell Champion Bobby Lashley
81%
2021 Money in the Bank WWE Championship Singles Champion Bobby Lashley
81%
2021 SummerSlam WWE Championship Singles Champion Bobby Lashley
81%
2022 Challenger Bobby Lashley
81%
2022 Challenger Bobby Lashley
81%
2022 WWE Championship Elimination Chamber Champion Bobby Lashley
81%
2016 Challenger Dolph Ziggler
81%
2018 Challenger Dolph Ziggler
81%
2019 Challenger Dolph Ziggler
81%
2019 Challenger Dolph Ziggler
81%
2019 Challenger Dolph Ziggler
81%
2020 Challenger Dolph Ziggler
81%
2017 Challenger Jinder Mahal
81%
2017 Money in the Bank WWE Championship Singles Champion Jinder Mahal
81%
2017 Battleground WWE Championship Punjabi Prison Champion Jinder Mahal
81%
2017 SummerSlam WWE Championship Singles Champion Jinder Mahal
81%
2017 Hell in a Cell WWE Championship Singles Champion Jinder Mahal
81%
2017 Challenger Jinder Mahal
81%
2015 Challenger Kane
80%
2018 Challenger Kane
80%
2021 Challenger Edge
78%
2021 Challenger Edge
78%
2017 Challenger Baron Corbin
76%
2018 Challenger Baron Corbin
76%
2019 Challenger Baron Corbin
76%
2019 Challenger Baron Corbin
76%
2019 Men's Challenger Baron Corbin
76%
2023 Challenger LA Knight
76%
2024 Challenger LA Knight
76%
2019 Challenger Rey Mysterio
74%
2017 Challenger Samoa Joe
72%
2017 Challenger Samoa Joe
72%
2018 Challenger Samoa Joe
72%
2018 Challenger Samoa Joe
72%
2019 Challenger Samoa Joe
72%
2019 Challenger Samoa Joe
72%
2019 Challenger Samoa Joe
72%
2015 Challenger Sting
72%
2021 Royal Rumble WWE Championship Singles Champion Drew McIntyre
70%
2019 WWE Raw Women's Champion Becky Lynch
67%
2019 Challenger Jeff Hardy
67%
2021 Challenger Jeff Hardy
67%
2022 Challenger Austin Theory
65%
2018 Challenger Rusev
61%
2019 Challenger Mustafa Ali
59%
2020 Challenger John Morrison
57%
2019 Women's Challenger Lacey Evans
57%
2021 Challenger Cesaro
54%
2022 Challenger Riddle
50%
2019 Challenger Cain Velasquez
48%
2020 Challenger Ricochet
46%
No matching quizzes found
Score Distribution
Percent of People with Each Score
Percentile by Number Answered
Your Score History
You have not taken this quiz